Catálogo público

Amigos para siempre generación 1967 cincuenta aniversario : (Record no. 217608)

MARC details
000 -CABECERA
campo de control de longitud fija 00694nam a22001817a 4500
005 - FECHA Y HORA DE LA ÚLTIMA TRANSACCIÓN
campo de control 20220818092933.0
008 - DATOS DE LONGITUD FIJA--INFORMACIÓN GENERAL
campo de control de longitud fija 220817s2017mx |||a|||f |||| 00| 0 spa d
040 ## - FUENTE DE LA CATALOGACIÓN
Centro/agencia transcriptor CHAP
Normas de descripción rda
082 ## - NÚMERO DE LA CLASIFICACIÓN DECIMAL DEWEY
Número de clasificación 630.922
Número de documento/Ítem A51
Número de edición 22
245 ## - MENCIÓN DE TÍTULO
Título Amigos para siempre generación 1967 cincuenta aniversario :
Resto del título Escuela Nacional de Agricultura /
Mención de responsabilidad, etc. compilado por Leopoldo Ernesto Mendoza Onofre.
250 ## - MENCIÓN DE EDICIÓN
Mención de edición Segunda edición.
264 ## - PRODUCCIÓN, PUBLICACIÓN, DISTRIBUCIÓN, FABRICACIÓN Y COPYRIGHT
Producción, publicación, distribución, fabricación y copyright México :
Nombre del de productor, editor, distribuidor, fabricante [editor desconocido]
Fecha de producción, publicación, distribución, fabricación o copyright 2017.
300 ## - DESCRIPCIÓN FÍSICA
Extensión 219 páginas :
Otras características físicas fotografias.
650 #0 - PUNTO DE ACCESO ADICIONAL DE MATERIA--TÉRMINO DE MATERIA
9 (RLIN) 185421
Término de materia o nombre geográfico como elemento de entrada ENA
Subdivisión general Estudiantes
Subdivisión cronológica 1967-2017
Subdivisión de forma Anecdotas
650 #7 - PUNTO DE ACCESO ADICIONAL DE MATERIA--TÉRMINO DE MATERIA
9 (RLIN) 35491
Término de materia o nombre geográfico como elemento de entrada Educación agrícola
700 0# - PUNTO DE ACCESO ADICIONAL--NOMBRE DE PERSONA
9 (RLIN) 74706
Nombre de persona Mendoza Onofre, Leopoldo Ernesto
Término indicativo de función/relación compilador
942 ## - ELEMENTOS DE PUNTO DE ACCESO ADICIONAL (KOHA)
Fuente del sistema de clasificación o colocación Dewey Decimal Classification
Tipo de ítem Koha Libro
Holdings
Estado de retiro Estado de pérdida Fuente del sistema de clasificación o colocación Estado dañado Restricciones de uso No para préstamo Código de colección Localización permanente Ubicación/localización actual Ubicación en estantería Fecha de adquisición Total de préstamos Signatura topográfica completa Código de barras Fecha visto por última vez Fecha del último préstamo Precio válido a partir de Tipo de ítem Koha
    Dewey Decimal Classification   Préstamo interno   Publicaciones UACh Biblioteca Central Biblioteca Central Planta alta - Área de Tesis - UACh 17/08/2022 1 630.922 A51 33724002563561 06/09/2022 18/08/2022 17/08/2022 Libro